000 00906cam a2200277Ia 4500
008
020 _a185032140X (pbk.)
049 _aMAIN
090 _aTK7868.A79
_bBOI
100 1 _aBoisseau, Marc.
245 1 3 _aAn introduction to ATM technology /
_cMarc Boisseau, Michel Demange [and] Jean-Marie Munier.
260 _aLondon :
_bInternational Thomson Computer Press,
_cc1995.
300 _axii, 97 p. :
_bill. ;
_c24 cm.
500 _aIncludes index
504 _aIncludes bibliographical references.
650 0 _aAsynchronous transfer mode.
650 0 _aIntegrated services digital networks.
650 2 _aComputer Communication Networks
700 1 _aDemange, Michel.
700 1 _aMunier, Jean.-Marie.
907 _a.b10062968
_b24-04-13
_c17-04-03
003
005 20230123133239.0
040 _cNUST
942 _cBOOKS
_kTK7868.A79
_mBOI
999 _c145282
_d145282